[Event "WYCC U18 Girls 2019"]
[Site "Mumbai"]
[Date "2019.10.04"]
[Round "4.1"]
[White "Kucharska, Honorata"]
[Black "Shuvalova, Polina"]
[Result "1/2-1/2"]
[WhiteElo "2114"]
[BlackElo "2412"]
[Annotator "NA"]
[PlyCount "43"]
[EventDate "2019.10.02"]
[EventType "swiss"]
[EventCountry "IND"]
[SourceTitle "playchess.com"]
[Source "ChessBase"]
[SourceQuality "1"]
[TimeControl "40/5400+30:1800+30"]

1. Nf3 {[%emt 0:00:00]} Nf6 {[%emt 0:00:00]} 2. g3 {[%emt 0:00:00]} d5 {[%emt 0:01:14]} 3. Bg2 {[%emt 0:00:01]} g6 {[%emt 0:01:13]} 4. O-O {[%emt 0:00:43]} Bg7 {[%emt 0:00:03]} 5. d3 {[%emt 0:00:17]} O-O {[%emt 0:00:26]} 6. Nbd2 {[%emt 0:00:22]} c5 {[%emt 0:00:09]} 7. e4 {[%emt 0:00:47]} Nc6 {[%emt 0:00:21]} 8. Re1 {[%emt 0:02:36]} h6 {[%emt 0:06:08]} 9. c3 {[%emt 0:04:45]} e5 {[%emt 0:02:22]} 10. Qe2 {[%emt 0:02:07]} Re8 {[%emt 0:00:30]} 11. a3 {[%emt 0:00:30]} d4 {[%emt 0:00:30]} 12. c4 {[%emt 0:00:30]} a6 {[%emt 0:00:30]} 13. Rf1 {[%emt 0:00:30]} Bd7 {[%emt 0:00:30]} 14. Ne1 {[%emt 0:00:30]} Qc8 {[%emt 0:00:30]} 15. Nb3 {[%emt 0:00:30]} b6 {[%emt 0:00:30]} 16. f4 {[%emt 0:00:30]} Rb8 {[%emt 0:00:30]} 17. Nf3 {[%emt 0:00:30]} Ng4 {[%emt 0:00:30]} 18. h3 {[%emt 0:00:30]} Ne3 {[%emt 0:00:30]} 19. Bxe3 {[%emt 0:00:30]} dxe3 {[%emt 0:00:30]} 20. Qxe3 {[%emt 0:00:30]} exf4 {[%emt 0:00:30]} 21. Qxf4 {[%emt 0:00:30]} Be6 {[%emt 0:00:30]} 22. Kh2 {[%emt 0:00:30]} 1/2-1/2

[Event "WYCC U18 Girls 2019"]
[Site "Mumbai"]
[Date "2019.10.04"]
[Round "4.2"]
[White "Munkhzul, Turmunkh"]
[Black "Shpanko, Nadiia"]
[Result "1/2-1/2"]
[WhiteElo "2332"]
[BlackElo "2213"]
[Annotator "NA"]
[PlyCount "145"]
[EventDate "2019.10.02"]
[EventType "swiss"]
[EventCountry "IND"]
[SourceTitle "playchess.com"]
[Source "ChessBase"]
[SourceQuality "1"]
[TimeControl "40/5400+30:1800+30"]

1. e4 {[%emt 0:00:00]} c6 {[%emt 0:00:00]} 2. d4 {[%emt 0:01:22]} d5 {[%emt 0:00:00]} 3. exd5 {[%emt 0:02:01]} cxd5 {[%emt 0:00:00]} 4. Bd3 {[%emt 0:00:08]} Nc6 {[%emt 0:00:00]} 5. c3 {[%emt 0:00:11]} Qc7 {[%emt 0:00:12]} 6. Ne2 {[%emt 0:02:01]} Bg4 {[%emt 0:03:04]} 7. O-O {[%emt 0:05:50]} Bh5 {[%emt 0:02:49]} 8. Na3 {[%emt 0:05:57]} a6 {[%emt 0:05:51]} 9. Bf4 {[%emt 0:06:34]} Qxf4 {[%emt 0:02:11]} 10. Nxf4 {[%emt 0:00:05]} Bxd1 {[%emt 0:00:06]} 11. Raxd1 {[%emt 0:02:28]} e6 {[%emt 0:02:05]} 12. Nc2 {[%emt 0:02:22]} Bd6 {[%emt 0:01:03]} 13. Ne2 {[%emt 0:01:15]} Nf6 {[%emt 0:01:13]} 14. f4 {[%emt 0:06:12]} g6 {[%emt 0:02:06]} 15. Ne3 {[%emt 0:02:39]} h5 {[%emt 0:08:50]} 16. g3 {[%emt 0:00:53]} Bc7 {[%emt 0:07:01]} 17. Kg2 {[%emt 0:01:13]} Ne7 18. Ng1 {[%emt 0:05:01]} Nf5 {[%emt 0:14:03]} 19. Rfe1 {[%emt 0:00:45]} Nxe3+ {[%emt 0:01:37]} 20. Rxe3 {[%emt 0:00:06]} h4 {[%emt 0:01:44]} 21. Nf3 {[%emt 0:04:11]} hxg3 {[%emt 0:01:15]} 22. hxg3 {[%emt 0:00:09]} Kf8 {[%emt 0:04:11]} 23. Re2 {[%emt 0:05:05]} Kg7 {[%emt 0:02:34]} 24. Rg1 {[%emt 0:12:50]} Ng4 {[%emt 0:03:55]} 25. Ne5 {[%emt 0:04:37]} Rh2+ {[%emt 0:01:59]} 26. Kf3 {[%emt 0:00:34]} Nxe5+ {[%emt 0:00:15]} 27. fxe5 {[%emt 0:00:53]} Rah8 {[%emt 0:00:57]} 28. Reg2 {[%emt 0:06:31]} Rh1 {[%emt 0:01:28]} 29. Rxh1 {[%emt 0:02:45]} Rxh1 {[%emt 0:00:03]} 30. Rf2 {[%emt 0:00:14]} Rh8 {[%emt 0:00:27]} 31. Kg2 {[%emt 0:01:31]} Rc8 {[%emt 0:00:17]} 32. a4 {[%emt 0:00:17]} Bb6 {[%emt 0:01:11]} 33. Rf1 {[%emt 0:00:14]} Rc7 {[%emt 0:00:26]} 34. Ra1 {[%emt 0:00:46]} Rc8 35. Ra3 {[%emt 0:01:36]} Ba5 {[%emt 0:06:41]} 36. Rb3 {[%emt 0:02:52]} Rc7 {[%emt 0:00:18]} 37. Ra3 {[%emt 0:00:27]} Rc8 {[%emt 0:00:09]} 38. Ra1 {[%emt 0:02:55]} Kh6 {[%emt 0:00:52]} 39. Kf3 {[%emt 0:00:59]} Kg7 {[%emt 0:00:21]} 40. Ra3 {[%emt 0:04:13]} Kh6 {[%emt 0:00:40]} 41. Ke3 {[%emt 0:32:49]} Kg7 {[%emt 0:30:17]} 42. Be2 {[%emt 0:00:23]} Kh6 {[%emt 0:01:14]} 43. Rb3 {[%emt 0:00:09]} Rc7 {[%emt 0:00:14]} 44. Kf4 {[%emt 0:00:39]} Kg7 {[%emt 0:00:15]} 45. Bf3 {[%emt 0:00:48]} Kg8 {[%emt 0:00:19]} 46. Kg5 {[%emt 0:03:57]} Kg7 {[%emt 0:01:51]} 47. Be2 {[%emt 0:03:26]} Kh7 {[%emt 0:01:28]} 48. Ra3 {[%emt 0:00:32]} Rc8 {[%emt 0:00:06]} 49. Kf6 {[%emt 0:00:00]} Kg8 {[%emt 0:00:00]} 50. Kg5 {[%emt 0:00:00]} Kg7 {[%emt 0:00:00]} 51. Rb3 {[%emt 0:00:00]} Rc7 {[%emt 0:00:00]} 52. Bg4 {[%emt 0:00:00]} Rd7 {[%emt 0:00:00]} 53. Kf4 {[%emt 0:00:00]} Rc7 {[%emt 0:00:00]} 54. Ke3 {[%emt 0:00:00]} Kg8 {[%emt 0:00:00]} 55. Kd3 {[%emt 0:00:00]} Kf8 {[%emt 0:00:00]} 56. Bf3 {[%emt 0:00:00]} Kg7 {[%emt 0:00:00]} 57. Bg2 {[%emt 0:00:00]} Kf8 {[%emt 0:00:00]} 58. Ra3 {[%emt 0:00:00]} Rc8 {[%emt 0:00:00]} 59. Ra1 {[%emt 0:00:00]} Kg7 {[%emt 0:00:00]} 60. Rc1 {[%emt 0:00:00]} Bd8 {[%emt 0:00:00]} 61. b3 {[%emt 0:00:00]} b5 {[%emt 0:00:00]} 62. axb5 {[%emt 0:00:00]} axb5 {[%emt 0:00:00]} 63. Ra1 {[%emt 0:00:00]} Rb8 {[%emt 0:00:00]} 64. b4 {[%emt 0:00:00]} Kf8 {[%emt 0:00:00]} 65. Kc2 {[%emt 0:00:00]} Ke8 {[%emt 0:00:00]} 66. Rh1 {[%emt 0:00:00]} Rb7 {[%emt 0:02:49]} 67. Bf1 {[%emt 0:00:00]} Kd7 {[%emt 0:02:20]} 68. Rh8 {[%emt 0:00:00]} Be7 {[%emt 0:01:17]} 69. Rh7 {[%emt 0:00:00]} Ke8 {[%emt 0:00:05]} 70. Bd3 {[%emt 0:00:00]} Rb6 {[%emt 0:00:51]} 71. Rh8+ {[%emt 0:00:00]} Kd7 {[%emt 0:00:08]} 72. Kd2 {[%emt 0:00:00]} Bg5+ {[%emt 0:00:28]} 73. Ke2 {[%emt 0:00:00]} 1/2-1/2

[Event "WYCC U18 Girls 2019"]
[Site "Mumbai"]
[Date "2019.10.04"]
[Round "4.3"]
[White "Vantika Agrawal"]
[Black "Serikbay, Assel"]
[Result "1/2-1/2"]
[WhiteElo "2283"]
[BlackElo "2208"]
[Annotator "NA"]
[PlyCount "86"]
[EventDate "2019.10.02"]
[EventType "swiss"]
[EventCountry "IND"]
[SourceTitle "playchess.com"]
[Source "ChessBase"]
[SourceQuality "1"]
[TimeControl "40/5400+30:1800+30"]

1. Nf3 {[%emt 0:00:57]} d5 {[%emt 0:00:00]} 2. g3 {[%emt 0:00:39]} Nf6 {[%emt 0:00:00]} 3. Bg2 {[%emt 0:00:14]} c5 {[%emt 0:00:12]} 4. O-O {[%emt 0:00:27]} Nc6 {[%emt 0:00:14]} 5. d4 {[%emt 0:01:57]} cxd4 {[%emt 0:00:49]} 6. Nxd4 {[%emt 0:00:48]} e5 {[%emt 0:00:40]} 7. Nxc6 {[%emt 0:00:58]} bxc6 {[%emt 0:00:06]} 8. c4 {[%emt 0:05:45]} Be6 {[%emt 0:00:15]} 9. Nc3 {[%emt 0:09:58]} Rc8 {[%emt 0:03:01]} 10. cxd5 {[%emt 0:12:48]} cxd5 {[%emt 0:04:18]} 11. Bg5 {[%emt 0:01:34]} d4 {[%emt 0:03:42]} 12. Ne4 {[%emt 0:03:25]} Be7 {[%emt 0:00:19]} 13. Nxf6+ {[%emt 0:01:28]} Bxf6 {[%emt 0:00:20]} 14. Bxf6 {[%emt 0:00:43]} gxf6 {[%emt 0:00:13]} 15. Qd2 {[%emt 0:18:52]} O-O {[%emt 0:00:19]} 16. f4 {[%emt 0:02:51]} Kg7 {[%emt 0:09:58]} 17. Rf2 {[%emt 0:15:39]} Qe7 {[%emt 0:17:00]} 18. h4 {[%emt 0:05:25]} h6 {[%emt 0:06:49]} 19. e3 {[%emt 0:08:11]} Rfd8 {[%emt 0:03:37]} 20. exd4 {[%emt 0:02:39]} Rxd4 {[%emt 0:00:29]} 21. Qe3 {[%emt 0:00:42]} Qc5 {[%emt 0:02:57]} 22. Kh2 {[%emt 0:00:54]} Rc4 {[%emt 0:03:30]} 23. Re1 {[%emt 0:03:27]} Qxe3 {[%emt 0:05:07]} 24. Rxe3 {[%emt 0:00:05]} Rc2 {[%emt 0:00:58]} 25. Ree2 {[%emt 0:00:26]} Rxe2 {[%emt 0:01:22]} 26. Rxe2 {[%emt 0:00:04]} exf4 {[%emt 0:00:14]} 27. gxf4 {[%emt 0:01:12]} Bxa2 {[%emt 0:00:22]} 28. Kg3 {[%emt 0:01:12]} f5 {[%emt 0:01:17]} 29. Re5 {[%emt 0:00:23]} Be6 {[%emt 0:01:23]} 30. Ra5 {[%emt 0:00:17]} Rb8 {[%emt 0:01:02]} 31. Rxa7 {[%emt 0:00:40]} Rb3+ {[%emt 0:00:07]} 32. Bf3 {[%emt 0:00:45]} Rxb2 {[%emt 0:00:38]} 33. Ra3 {[%emt 0:00:31]} Kf6 {[%emt 0:01:46]} 34. Ra7 {[%emt 0:00:20]} Rd2 {[%emt 0:01:28]} 35. Bg2 {[%emt 0:00:28]} Bd5 {[%emt 0:02:22]} 36. Bxd5 {[%emt 0:00:27]} Rxd5 {[%emt 0:00:05]} 37. Ra6+ {[%emt 0:00:10]} Kg7 {[%emt 0:00:03]} 38. Rb6 {[%emt 0:00:52]} Rd1 {[%emt 0:01:08]} 39. Ra6 {[%emt 0:00:39]} Rg1+ {[%emt 0:00:11]} 40. Kf3 {[%emt 0:00:33]} Rg4 {[%emt 0:04:21]} 41. h5 {[%emt 0:05:44]} Rh4 {[%emt 0:02:19]} 42. Kg3 {[%emt 0:00:16]} Rg4+ {[%emt 0:00:56]} 43. Kf3 {[%emt 0:00:10]} Rh4 {[%emt 0:00:14]} 1/2-1/2

[Event "WYCC U18 Girls 2019"]
[Site "Mumbai"]
[Date "2019.10.04"]
[Round "4.4"]
[White "Cervantes Landeiro, Thalia"]
[Black "Obolentseva, Alexandra"]
[Result "1/2-1/2"]
[WhiteElo "2176"]
[BlackElo "2282"]
[Annotator "NA"]
[PlyCount "49"]
[EventDate "2019.10.02"]
[EventType "swiss"]
[EventCountry "IND"]
[SourceTitle "playchess.com"]
[Source "ChessBase"]
[SourceQuality "1"]
[TimeControl "40/5400+30:1800+30"]

1. d4 {[%emt 0:00:00]} d6 {[%emt 0:00:00]} 2. c4 {[%emt 0:00:00]} e5 {[%emt 0:00:00]} 3. d5 {[%emt 0:00:00]} f5 {[%emt 0:00:20]} 4. e4 {[%emt 0:00:07]} Nf6 {[%emt 0:00:12]} 5. Nc3 {[%emt 0:00:24]} Be7 {[%emt 0:00:07]} 6. exf5 {[%emt 0:01:23]} Bxf5 {[%emt 0:00:40]} 7. Nge2 {[%emt 0:01:24]} O-O {[%emt 0:06:27]} 8. Ng3 {[%emt 0:00:48]} Bg6 {[%emt 0:02:02]} 9. Bd3 {[%emt 0:02:37]} Qe8 {[%emt 0:00:10]} 10. O-O {[%emt 0:01:57]} Nbd7 11. f3 {[%emt 0:04:44]} Nc5 {[%emt 0:01:14]} 12. Bxg6 {[%emt 0:02:34]} Qxg6 {[%emt 0:00:07]} 13. Be3 {[%emt 0:03:24]} Nd3 {[%emt 0:01:01]} 14. Qc2 {[%emt 0:03:11]} Nf4 {[%emt 0:04:18]} 15. Qxg6 {[%emt 0:04:34]} hxg6 {[%emt 0:00:41]} 16. Rad1 {[%emt 0:04:07]} N4h5 {[%emt 0:06:18]} 17. Nge4 {[%emt 0:15:16]} Nxe4 {[%emt 0:00:10]} 18. Nxe4 {[%emt 0:00:12]} Nf6 {[%emt 0:00:05]} 19. Ng5 {[%emt 0:08:41]} Rfc8 {[%emt 0:00:14]} 20. Rfe1 {[%emt 0:02:18]} Nd7 {[%emt 0:01:30]} 21. Ne4 {[%emt 0:03:00]} Nf6 {[%emt 0:03:09]} 22. Ng5 {[%emt 0:00:48]} Nd7 {[%emt 0:03:02]} 23. Ne4 {[%emt 0:00:15]} Nf6 {[%emt 0:00:20]} 24. Nc3 {[%emt 0:02:15]} Nd7 {[%emt 0:01:59]} 25. Ne4 {[%emt 0:05:49]} 1/2-1/2

[Event "WYCC U18 Girls 2019"]
[Site "Mumbai"]
[Date "2019.10.04"]
[Round "4.5"]
[White "Radeva, Viktoria"]
[Black "Tarini Goyal"]
[Result "1-0"]
[WhiteElo "2277"]
[BlackElo "2128"]
[Annotator "NA"]
[PlyCount "87"]
[EventDate "2019.10.02"]
[EventType "swiss"]
[EventCountry "IND"]
[SourceTitle "playchess.com"]
[Source "ChessBase"]
[SourceQuality "1"]
[TimeControl "40/5400+30:1800+30"]

1. e4 {[%emt 0:00:00]} c6 {[%emt 0:00:05]} 2. Nc3 {[%emt 0:00:00]} d5 {[%emt 0:00:10]} 3. Nf3 {[%emt 0:00:00]} Nf6 {[%emt 0:00:59]} 4. e5 {[%emt 0:00:01]} Ne4 {[%emt 0:00:06]} 5. Ne2 {[%emt 0:00:08]} Qb6 {[%emt 0:00:15]} 6. d4 {[%emt 0:00:11]} e6 {[%emt 0:01:54]} 7. Ng3 {[%emt 0:01:31]} Nxg3 {[%emt 0:02:47]} 8. hxg3 {[%emt 0:00:11]} c5 {[%emt 0:01:17]} 9. c3 {[%emt 0:02:50]} Nc6 {[%emt 0:03:59]} 10. Bd3 {[%emt 0:02:26]} Bd7 {[%emt 0:06:29]} 11. Kf1 {[%emt 0:02:22]} cxd4 {[%emt 0:03:50]} 12. cxd4 {[%emt 0:00:05]} Rc8 {[%emt 0:04:28]} 13. a3 {[%emt 0:12:26]} Na5 {[%emt 0:03:55]} 14. b4 {[%emt 0:34:32]} Nc4 {[%emt 0:01:58]} 15. Rxh7 {[%emt 0:03:47]} Rxh7 16. Bxh7 {[%emt 0:00:05]} Qa6 {[%emt 0:16:59]} 17. Kg1 {[%emt 0:02:46]} Bxb4 {[%emt 0:11:21]} 18. Ng5 {[%emt 0:02:48]} Kd8 {[%emt 0:08:50]} 19. Qf3 {[%emt 0:07:07]} Kc7 {[%emt 0:07:53]} 20. Rb1 {[%emt 0:07:13]} Be7 {[%emt 0:04:22]} 21. Qxf7 {[%emt 0:02:33]} Bxg5 {[%emt 0:06:24]} 22. Bxg5 {[%emt 0:00:12]} Qxa3 {[%emt 0:00:41]} 23. Qxg7 {[%emt 0:00:51]} Qc3 {[%emt 0:06:30]} 24. Bg8 {[%emt 0:03:50]} Qd3 {[%emt 0:00:21]} 25. Rc1 {[%emt 0:05:09]} Qf5 {[%emt 0:01:09]} 26. Bf6 {[%emt 0:00:42]} a5 {[%emt 0:05:07]} 27. Bh7 {[%emt 0:07:21]} Qh5 {[%emt 0:00:09]} 28. g4 {[%emt 0:00:21]} Qe8 {[%emt 0:00:09]} 29. g5 {[%emt 0:00:47]} a4 {[%emt 0:01:13]} 30. Be7 {[%emt 0:01:08]} Kb8 {[%emt 0:00:49]} 31. Bg6 {[%emt 0:00:32]} Qh8 {[%emt 0:00:29]} 32. Qxh8 {[%emt 0:00:30]} Rxh8 {[%emt 0:00:02]} 33. Bf6 {[%emt 0:00:18]} Rc8 {[%emt 0:00:31]} 34. Bf7 {[%emt 0:00:29]} b5 {[%emt 0:01:02]} 35. Be7 {[%emt 0:00:33]} Be8 {[%emt 0:00:41]} 36. Bxe6 {[%emt 0:00:41]} Rc7 {[%emt 0:00:06]} 37. Bb4 {[%emt 0:00:11]} a3 {[%emt 0:00:45]} 38. Bxd5 {[%emt 0:00:22]} a2 {[%emt 0:00:09]} 39. Bc5 {[%emt 0:01:28]} Bg6 {[%emt 0:00:36]} 40. Ra1 {[%emt 0:00:48]} Bb1 {[%emt 0:00:15]} 41. e6 {[%emt 0:01:34]} Rc8 {[%emt 0:10:43]} 42. e7 {[%emt 0:01:15]} Kc7 {[%emt 0:00:25]} 43. Bf7 {[%emt 0:01:02]} Kd7 {[%emt 0:00:07]} 44. g6 {[%emt 0:07:59] Kd6} 1-0

[Event "WYCC U18 Girls 2019"]
[Site "Mumbai"]
[Date "2019.10.04"]
[Round "4.6"]
[White "Nilssen, Ellen Fredericia"]
[Black "Harshini A"]
[Result "1/2-1/2"]
[WhiteElo "2137"]
[BlackElo "2230"]
[Annotator "NA"]
[PlyCount "61"]
[EventDate "2019.10.02"]
[EventType "swiss"]
[EventCountry "IND"]
[SourceTitle "playchess.com"]
[Source "ChessBase"]
[SourceQuality "1"]
[TimeControl "40/5400+30:1800+30"]

1. d4 {[%emt 0:00:00]} Nf6 {[%emt 0:00:18]} 2. c4 {[%emt 0:00:00]} g6 {[%emt 0:00:04]} 3. Nc3 {[%emt 0:00:00]} d5 {[%emt 0:00:03]} 4. cxd5 {[%emt 0:00:00]} Nxd5 {[%emt 0:00:04]} 5. e4 {[%emt 0:00:14]} Nxc3 {[%emt 0:00:05]} 6. bxc3 {[%emt 0:00:10]} Bg7 {[%emt 0:00:04]} 7. Be3 {[%emt 0:00:13]} c5 {[%emt 0:00:05]} 8. Qd2 {[%emt 0:00:07]} O-O {[%emt 0:00:39]} 9. Nf3 {[%emt 0:01:40]} Qa5 {[%emt 0:00:12]} 10. Rc1 {[%emt 0:00:14]} Rd8 {[%emt 0:00:42]} 11. d5 {[%emt 0:00:18]} Bg4 12. Be2 e6 13. Bg5 f6 14. Be3 exd5 15. exd5 Nd7 16. c4 Qxd2+ 17. Nxd2 Bxe2 18. Kxe2 b6 19. Nf3 Bf8 20. Rhe1 a6 21. Rb1 b5 22. cxb5 axb5 23. Rxb5 Rxa2+ 24. Kf1 Ne5 25. Nxe5 fxe5 26. Rd1 Rc2 27. Rb6 Bd6 28. Rc6 Kg7 29. h3 Rd7 30. Rc8 Be7 31. Rc6 1/2-1/2

[Event "WYCC U18 Girls 2019"]
[Site "Mumbai"]
[Date "2019.10.04"]
[Round "4.7"]
[White "Nomindalai Tumurbaatar"]
[Black "Schulze, Lara"]
[Result "0-1"]
[WhiteElo "2061"]
[BlackElo "2327"]
[Annotator "NA"]
[PlyCount "69"]
[EventDate "2019.10.02"]
[EventType "swiss"]
[EventCountry "IND"]
[SourceTitle "playchess.com"]
[Source "ChessBase"]
[SourceQuality "1"]
[TimeControl "40/5400+30:1800+30"]

1. d4 {[%emt 0:00:00]} Nf6 {[%emt 0:00:00]} 2. Bf4 {[%emt 0:00:00]} d5 {[%emt 0:00:00]} 3. e3 {[%emt 0:00:01]} c5 {[%emt 0:00:15]} 4. dxc5 {[%emt 0:01:12]} Nc6 {[%emt 0:00:00]} 5. Bb5 {[%emt 0:00:18]} e6 {[%emt 0:00:22]} 6. b4 {[%emt 0:00:23]} a5 {[%emt 0:00:22]} 7. c3 {[%emt 0:00:26]} Bd7 {[%emt 0:00:18]} 8. Qb3 {[%emt 0:06:08]} Nh5 {[%emt 0:01:16]} 9. Ne2 {[%emt 0:10:10]} Nxf4 {[%emt 0:00:30]} 10. Nxf4 {[%emt 0:00:30]} g5 {[%emt 0:00:30]} 11. Nh5 {[%emt 0:00:30]} g4 {[%emt 0:00:30]} 12. a3 {[%emt 0:00:30]} Qg5 {[%emt 0:00:30]} 13. Nf4 {[%emt 0:01:18]} Bg7 {[%emt 0:00:32]} 14. Ra2 {[%emt 0:00:30]} h5 {[%emt 0:00:30]} 15. Nd2 {[%emt 0:00:30]} Qe5 {[%emt 0:00:30]} 16. Ne2 {[%emt 0:00:30]} h4 {[%emt 0:00:30]} 17. Nd4 {[%emt 0:00:30]} Ke7 {[%emt 0:00:30]} 18. Be2 {[%emt 0:00:30]} g3 {[%emt 0:00:30]} 19. b5 {[%emt 0:00:30]} h3 {[%emt 0:00:30]} 20. gxh3 {[%emt 0:00:30]} gxf2+ {[%emt 0:00:30]} 21. Kxf2 {[%emt 0:00:30]} Qf6+ {[%emt 0:00:30]} 22. Ke1 {[%emt 0:00:30]} Ne5 {[%emt 0:00:30]} 23. a4 {[%emt 0:00:30]} Rxh3 {[%emt 0:00:30]} 24. Qa3 {[%emt 0:00:30]} Ke8 {[%emt 0:00:30]} 25. Nf1 {[%emt 0:00:30]} Qg6 {[%emt 0:00:30]} 26. b6 {[%emt 0:00:30]} Bf8 {[%emt 1:29:17]} 27. Kd1 {[%emt 1:14:45]} Qg2 {[%emt 0:01:02]} 28. Bf3 {[%emt 0:00:29]} Qg6 {[%emt 0:00:54]} 29. Rg2 {[%emt 0:00:37]} Qd3+ {[%emt 0:00:44]} 30. Rd2 {[%emt 0:00:40]} Qb1+ {[%emt 0:00:55]} 31. Ke2 {[%emt 0:00:04]} Nxf3 {[%emt 0:00:21]} 32. Nxf3 {[%emt 0:00:05]} Qe4 {[%emt 0:01:09]} 33. Ng3 {[%emt 0:00:17]} Qc4+ {[%emt 0:00:12]} 34. Kf2 {[%emt 0:00:46]} Bxc5 {[%emt 0:00:09]} 35. Qb2 {[%emt 0:00:07]} 0-1

[Event "WYCC U18 Girls 2019"]
[Site "Mumbai"]
[Date "2019.10.04"]
[Round "4.7"]
[White "Nomindalai Tumurbaatar"]
[Black "Schulze, Lara"]
[Result "*"]
[WhiteElo "2061"]
[BlackElo "2327"]
[Annotator "NA"]
[PlyCount "44"]
[EventDate "2019.10.02"]
[EventType "swiss"]
[EventCountry "IND"]
[SourceTitle "playchess.com"]
[Source "ChessBase"]
[SourceQuality "1"]
[TimeControl "40/5400+30:1800+30"]

1. d4 {[%emt 0:00:00]} Nf6 {[%emt 0:00:00]} 2. Bf4 {[%emt 0:00:00]} d5 {[%emt 0:00:00]} 3. e3 {[%emt 0:00:01]} c5 {[%emt 0:00:15]} 4. dxc5 {[%emt 0:01:12]} Nc6 {[%emt 0:00:00]} 5. Bb5 {[%emt 0:00:18]} e6 {[%emt 0:00:22]} 6. b4 {[%emt 0:00:23]} a5 {[%emt 0:00:22]} 7. c3 {[%emt 0:00:26]} Bd7 {[%emt 0:00:18]} 8. Qb3 {[%emt 0:06:08]} Nh5 {[%emt 0:01:16]} 9. Ne2 {[%emt 0:10:10]} Nxf4 {[%emt 0:00:30]} 10. Nxf4 {[%emt 0:00:30]} g5 {[%emt 0:00:30]} 11. Nh5 {[%emt 0:00:30]} g4 {[%emt 0:00:30]} 12. a3 {[%emt 0:00:30]} Qg5 {[%emt 0:00:30]} 13. Nf4 {[%emt 0:01:18]} Bg7 {[%emt 0:00:32]} 14. Ra2 {[%emt 0:00:30]} h5 {[%emt 0:00:30]} 15. Nd2 {[%emt 0:00:30]} Qe5 {[%emt 0:00:30]} 16. Ne2 {[%emt 0:00:30]} h4 {[%emt 0:00:30]} 17. Nd4 {[%emt 0:00:30]} Ke7 {[%emt 0:00:30]} 18. Be2 {[%emt 0:00:30]} g3 {[%emt 0:00:30]} 19. b5 {[%emt 0:00:30]} h3 {[%emt 0:00:30]} 20. gxh3 {[%emt 0:00:30]} gxf2+ {[%emt 0:00:30]} 21. Kxf2 {[%emt 0:00:30]} Qf6+ {[%emt 0:00:30]} 22. Ke1 {[%emt 0:00:30]} Rae8 {[%emt 0:00:30]} *

[Event "WYCC U18 Girls 2019"]
[Site "Mumbai"]
[Date "2019.10.04"]
[Round "4.8"]
[White "Afonasieva, Anna"]
[Black "Hamedi Nia, Vesal"]
[Result "1-0"]
[WhiteElo "2312"]
[BlackElo "2057"]
[Annotator "NA"]
[PlyCount "149"]
[EventDate "2019.10.02"]
[EventType "swiss"]
[EventCountry "IND"]
[SourceTitle "playchess.com"]
[Source "ChessBase"]
[SourceQuality "1"]
[TimeControl "40/5400+30:1800+30"]

1. d4 {[%emt 0:00:00]} d5 {[%emt 0:00:23]} 2. Nf3 {[%emt 0:00:00]} Nf6 {[%emt 0:00:10]} 3. c4 {[%emt 0:00:00]} e6 {[%emt 0:00:04]} 4. g3 {[%emt 0:00:00]} Bb4+ {[%emt 0:00:20]} 5. Bd2 {[%emt 0:00:00]} Be7 {[%emt 0:00:05]} 6. Bg2 {[%emt 0:00:06]} O-O {[%emt 0:00:06]} 7. O-O {[%emt 0:00:04]} Nbd7 {[%emt 0:01:56]} 8. Qc2 {[%emt 0:00:33]} c6 {[%emt 0:01:27]} 9. Bf4 {[%emt 0:01:04]} Nh5 {[%emt 0:06:01]} 10. Bc1 {[%emt 0:01:51]} Nhf6 {[%emt 0:01:49]} 11. Nbd2 {[%emt 0:00:50]} b6 {[%emt 0:02:58]} 12. e4 {[%emt 0:04:54]} dxe4 {[%emt 0:02:16]} 13. Nxe4 {[%emt 0:00:16]} Nxe4 {[%emt 0:01:04]} 14. Qxe4 {[%emt 0:00:04]} Bb7 {[%emt 0:05:26]} 15. Rd1 {[%emt 0:01:34]} Qc8 {[%emt 0:05:00]} 16. Qc2 {[%emt 0:07:22]} Rd8 {[%emt 0:11:36]} 17. b3 {[%emt 0:10:08]} c5 {[%emt 0:05:42]} 18. Bb2 {[%emt 0:02:26]} cxd4 {[%emt 0:02:32]} 19. Bxd4 {[%emt 0:00:13]} Bf6 {[%emt 0:00:38]} 20. Bxf6 {[%emt 0:06:03]} Nxf6 {[%emt 0:01:41]} 21. Rxd8+ {[%emt 0:00:14]} Qxd8 {[%emt 0:00:05]} 22. Rd1 {[%emt 0:00:07]} Qc7 {[%emt 0:01:21]} 23. Qd2 {[%emt 0:02:02]} h6 {[%emt 0:03:54]} 24. Qd4 {[%emt 0:03:31]} Rc8 {[%emt 0:03:58]} 25. Ne5 {[%emt 0:03:41]} Bxg2 {[%emt 0:00:19]} 26. Kxg2 {[%emt 0:00:03]} Qb7+ {[%emt 0:02:21]} 27. f3 {[%emt 0:01:49]} Qa6 {[%emt 0:00:46]} 28. Rd2 {[%emt 0:06:32]} Qa5 {[%emt 0:00:28]} 29. Qd6 {[%emt 0:02:01]} Qc5 {[%emt 0:17:50]} 30. Qxc5 {[%emt 0:00:51]} bxc5 {[%emt 0:00:20]} 31. Rd6 {[%emt 0:01:05]} Rc7 {[%emt 0:02:49]} 32. Rd8+ {[%emt 0:00:57]} Kh7 {[%emt 0:00:05]} 33. Rf8 {[%emt 0:00:07]} a6 {[%emt 0:06:39]} 34. Rxf7 {[%emt 0:00:38]} Rxf7 {[%emt 0:00:12]} 35. Nxf7 {[%emt 0:00:05]} Kg6 {[%emt 0:00:19]} 36. Nd6 {[%emt 0:03:25]} Nd7 {[%emt 0:00:39]} 37. f4 {[%emt 0:02:54]} Kf6 {[%emt 0:03:32]} 38. Kf3 {[%emt 0:01:47]} g6 {[%emt 0:02:53]} 39. a3 {[%emt 0:03:37]} e5 {[%emt 0:05:48]} 40. Ne8+ {[%emt 0:03:20]} Ke7 {[%emt 0:00:28]} 41. Nc7 {[%emt 0:30:11]} a5 {[%emt 0:31:33]} 42. Nd5+ {[%emt 0:16:21]} Kd6 {[%emt 0:01:21]} 43. Nc3 {[%emt 0:08:27]} exf4 {[%emt 0:00:00]} 44. Kxf4 {[%emt 0:00:00]} Ke6 {[%emt 0:00:00]} 45. h4 {[%emt 0:00:00]} Kf6 {[%emt 0:00:00]} 46. Ke4 {[%emt 0:00:00]} Ke6 {[%emt 0:00:00]} 47. Nd5 {[%emt 0:00:00]} Kd6 {[%emt 0:00:00]} 48. Nf4 {[%emt 0:00:00]} Nf6+ {[%emt 0:00:00]} 49. Kd3 {[%emt 0:00:00]} g5 {[%emt 0:00:00]} 50. hxg5 {[%emt 0:00:00]} hxg5 {[%emt 0:00:00]} 51. Nh3 {[%emt 0:00:00]} g4 {[%emt 0:00:52]} 52. Nf4 {[%emt 0:00:00]} Ke5 {[%emt 0:01:01]} 53. Ke3 {[%emt 0:02:09]} Kf5 {[%emt 0:01:32]} 54. Nd5 {[%emt 0:01:36]} Nxd5+ {[%emt 0:03:42]} 55. cxd5 {[%emt 0:00:05]} Ke5 {[%emt 0:00:07]} 56. d6 {[%emt 0:01:06]} Kxd6 {[%emt 0:00:02]} 57. Ke4 {[%emt 0:00:14]} Ke6 {[%emt 0:00:20]} 58. a4 {[%emt 0:00:30]} Kd6 {[%emt 0:01:01]} 59. Kf4 {[%emt 0:00:05]} Kd5 {[%emt 0:00:52]} 60. Kxg4 {[%emt 0:00:05]} Kd4 {[%emt 0:00:47]} 61. Kf5 {[%emt 0:00:39]} Kc3 {[%emt 0:00:08]} 62. g4 {[%emt 0:00:11]} Kxb3 {[%emt 0:00:03]} 63. g5 {[%emt 0:00:04]} c4 {[%emt 0:00:12]} 64. g6 {[%emt 0:00:06]} c3 {[%emt 0:00:05]} 65. g7 {[%emt 0:00:02]} c2 {[%emt 0:00:16]} 66. g8=Q+ {[%emt 0:00:06]} Kb2 {[%emt 0:00:24]} 67. Qg7+ {[%emt 0:05:54]} Kb1 {[%emt 0:00:48]} 68. Qb7+ {[%emt 0:00:15]} Ka1 {[%emt 0:00:28]} 69. Qh1+ {[%emt 0:03:28]} Kb2 {[%emt 0:00:13]} 70. Ke4 {[%emt 0:00:56]} c1=Q 71. Qxc1+ {[%emt 0:00:04]} Kxc1 {[%emt 0:00:45]} 72. Kd3 {[%emt 0:00:10]} Kb2 {[%emt 0:01:46]} 73. Kc4 {[%emt 0:00:04]} Ka3 {[%emt 0:01:30]} 74. Kb5 {[%emt 0:00:05]} Kb3 {[%emt 0:00:04]} 75. Kxa5 {[%emt 0:00:05]} 1-0